Juegos florales magisteriales de la región Inca, 1989 / (Record no. 8869)

000 -CABECERA
fixed length control field 01625nam a22003377a 4500
003 - IDENTIFICADOR DEL NÚMERO DE CONTROL
control field AR-CdUCM
008 - DATOS DE LONGITUD FIJA--INFORMACIÓN GENERAL
fixed length control field 190326b ||||| |||| 00| 0 eng d
040 ## - FUENTE DE LA CATALOGACIÓN
Agencia/entidad que catalogó originalmente la obra MUNICIPALIDAD PROVINCIAL DEL CUSCO
Entidad que transcribió la catalogación BIBLIOTECA MUNICIPAL DEL CUSCO
082 ## - NÚMERO DE LA CLASIFICACIÓN DECIMAL DEWEY
No. de Clasificación 869. 5608 /
Notacion interna C462
110 ## - ENTRADA PRINCIPAL--NOMBRE DE ENTIDAD CORPORATIVA
Nombre de la institución, jurisdicción como entrada principal Centro Andino de Investigación pedagógica
9 (RLIN) 2046
245 ## - MENCIÓN DE TÍTULO
Título Juegos florales magisteriales de la región Inca, 1989 /
260 ## - PUBLICACIÓN, DISTRIBUCIÓN, ETC.
Lugar de publicación, distribución, etc. Cusco :
Nombre de la editorial, distribuidor, etc. Ediciones Centro Andino de Investigación pedagógica,
Fecha de publicación, distribución, etc. 1989.
300 ## - DESCRIPCIÓN FÍSICA
Nº de Páginas Extensión
Dimensiones 20 cm.
505 ## - NOTA DE CONTENIDO CON FORMATO
Nota de contenido formateada Contenido: Primeros juegos florales: Resultados I juegos florales magisteriales -- Ecología y medio ambiente -- Escuela y comunidad -- Salud y educación -- Material didáctico -- Cuentos y leyendas tradicionales.
505 ## - NOTA DE CONTENIDO CON FORMATO
Nota de contenido formateada Segundos juegos florales: Resultados II juegos florales magisteriales -- Adaptación morfo-fisiológica en plantas ornamentales y similares con material casero -- Alternativas de una información educativa para la región Inka ...
650 ## - PUNTO DE ACCESO ADICIONAL DE MATERIA--TÉRMINO DE MATERIA
Descriptor Magisterio
9 (RLIN) 2047
650 ## - PUNTO DE ACCESO ADICIONAL DE MATERIA--TÉRMINO DE MATERIA
Descriptor Región Inka
9 (RLIN) 1944
650 ## - PUNTO DE ACCESO ADICIONAL DE MATERIA--TÉRMINO DE MATERIA
Descriptor Juegos florales
9 (RLIN) 2048
650 ## - PUNTO DE ACCESO ADICIONAL DE MATERIA--TÉRMINO DE MATERIA
Descriptor Educación
9 (RLIN) 460
700 ## - PUNTO DE ACCESO ADICIONAL--NOMBRE DE PERSONA
Nombre Personal Navarro Canales, Nicolás
9 (RLIN) 2049
700 ## - PUNTO DE ACCESO ADICIONAL--NOMBRE DE PERSONA
Nombre Personal Rozas Merma, José A.
9 (RLIN) 2050
700 ## - PUNTO DE ACCESO ADICIONAL--NOMBRE DE PERSONA
Nombre Personal Andrés Apaza Cutipa, José
9 (RLIN) 2051
700 ## - PUNTO DE ACCESO ADICIONAL--NOMBRE DE PERSONA
Nombre Personal Carpio gamarra, Manuel Jesús del
9 (RLIN) 2052
700 ## - PUNTO DE ACCESO ADICIONAL--NOMBRE DE PERSONA
Nombre Personal Bausch Bedoya, Germán
9 (RLIN) 2053
700 ## - PUNTO DE ACCESO ADICIONAL--NOMBRE DE PERSONA
Nombre Personal Lozano Delgado, Jorge Renato
9 (RLIN) 2054
700 ## - PUNTO DE ACCESO ADICIONAL--NOMBRE DE PERSONA
Nombre Personal Taipe Haqquehua, Carlos
9 (RLIN) 2055
700 ## - PUNTO DE ACCESO ADICIONAL--NOMBRE DE PERSONA
Nombre Personal Chucuya Alfaro, José Aarón ... y otros
9 (RLIN) 24673
942 ## - ELEMENTOS DE PUNTO DE ACCESO ADICIONAL (KOHA)
Fuente de clasificación
Tipo de item Libros-BMC
945 ## - PROCESAMIENTO DE INFORMACIÓN LOCAL (OCLC)
Catalogador lccs
Holdings
Estado de retiro (separado) Fuente de clasificación o esquema de estanterías Estado dañado Ubicación Sala donde se ubica Nombre de la colección Fecha de adquisición o compra Costo, precio normal en soles Signatura topográfica Código de Barras Última vez visto (Koha) Tipo de ítem (Koha)
No     Sala Humanidades Sala Humanidades Book Cart 2019-03-26 15.00 869.5608 / C462 SH0000009520 2019-03-26 Libros-BMC

Powered by Koha